000 00344nam a2200133Ia 4500
005 20260328104308.0
008 260328s9999||||xx |||||||||||||| ||und||
100 _aMostaedi, Arian
245 0 _aTiendas con Estilo :
_b Shop Design /
_cArian Mostaedi
260 _bMonsa
300 _a168 p.
650 _aDECORACION DE ITERIORES
942 _cBK
999 _c10858
_d10858